Most Populous First Level Subdivisions - Statistics

General Stats
  • This quiz has been taken 23 times
  • The average score is 32 of 50
Answer Stats
Rank Population Country Subdivision % Correct
1 231.7 mil India Uttar Pradesh
100%
21 56.2 mil United Kingdom England
95%
34 39.5 mil United States California
90%
2 126.0 mil China Guangdong
90%
5 109.9 mil Pakistan Punjab
90%
48 30.4 mil India Punjab
90%
11 83.6 mil China Sichuan
85%
30 42.6 mil Bangladesh Dhaka
80%
24 50.1 mil Indonesia West Java
80%
45 34.7 mil Bangladesh Chittagong
75%
27 46.6 mil Brazil São Paulo
75%
13 76.4 mil India Tamil Nadu
75%
8 98.2 mil India West Bengal
75%
22 52.8 mil India Andhra Pradesh
70%
46 32.0 mil China Chongqing
70%
33 40.5 mil Indonesia East Java
70%
32 41.5 mil China Fujian
70%
15 70.0 mil India Gujarat
70%
14 74.6 mil China Hebei
70%
12 79.5 mil India Rajasthan
70%
6 101.5 mil China Shandong
70%
43 34.9 mil Indonesia Central Java
65%
20 57.7 mil China Hubei
65%
35 39.5 mil China Shaanxi
65%
42 35.1 mil India Assam
60%
23 50.1 mil China Guangxi
60%
47 31.8 mil China Heilongjiang
60%
39 35.5 mil India Kerala
60%
9 84.8 mil India Madhya Pradesh
60%
29 44.0 mil India Odisha
60%
44 34.9 mil China Shanxi
60%
25 47.8 mil Pakistan Sindh
60%
4 123.6 mil India Bihar
55%
49 29.6 mil India Chhattisgarh
55%
7 99.3 mil China Henan
55%
17 66.4 mil China Hunan
55%
3 124.7 mil India Maharashtra
55%
19 61.0 mil China Anhui
50%
26 47.2 mil China Yunnan
50%
50 29.6 mil India Haryana
45%
10 84.7 mil China Jiangsu
45%
16 66.9 mil India Karnataka
45%
38 37.7 mil India Telangana
45%
18 64.5 mil China Zhejiang
45%
37 38.5 mil China Guizhou
40%
28 45.1 mil China Jiangxi
40%
31 42.5 mil China Liaoning
40%
41 35.4 mil Ethiopia Oromia
40%
36 38.6 mil India Jharkhand
35%
40 35.5 mil Pakistan Khyber Pakhtunkhwa
25%
No matching quizzes found
Score Distribution
Percent of People with Each Score
Percentile by Number Answered
Your Score History
You have not taken this quiz